000 00672cab a2200193 4500
001 WB2337-23
008 090401t1987 xxu||||| |||| 00| 0 eng d
035 _a(Sirsi) u602
041 _aeng
245 _aMergers among surveyors
260 _c1987
350 _a0
490 _aDaily Telegraph
_v15/9/87 p29
520 _aLooks at benefits of mergers between firms of chartered surveyors , using as an example Fletcher King Hunter , the enlarged retail division of Fletcher King plc, created by the acquisition of Peter Hunter and Company .
650 _aSYNERGY
690 _aMANAGEMENT-BUSINESS MANAGEMENT-PROFESSIONAL PRACTICE
942 _n0
948 _c04/03/1997
999 _c295
_d295